000 00371 a2200157 4500
001 62220
020 _a9788522507405
040 _cAnchieta - Pituba
100 _aMaia, João Marcelo Ehlert
240 1 0 _aPensando com a sociologia
_lpor
245 1 0 _aPensando com a sociologia
300 _a131
362 0 _a2009
650 4 _aSociologia e Antropologia
942 _cBK
999 _c62220
_d62220